| 000 | 00989nam0a2200313 4500 | ||
|---|---|---|---|
| 001 | RU\NLR\BIBL_A\022475570 | ||
| 005 | 20250516143018.0 | ||
| 010 |
_a978-5-600-03911-7 _91000 |
||
| 021 |
_aRU _bКН-П-24-085349 _9КН-П-24-8479 |
||
| 035 | _a(NLR Aleph) 022475570 | ||
| 090 |
_a13371967 _c13371967 |
||
| 100 | _a20250228d2024 u y0rusy50 ca | ||
| 101 | 0 | _arus | |
| 102 | _aRU | ||
| 105 | _aa z 000ay | ||
| 181 | 0 |
_ai _bxxxe |
|
| 182 | 0 | _an | |
| 200 | 1 |
_aПризрачная любовь _fСамая Нуриева |
|
| 203 |
_aТекст _bвизуальный _cнепосредственный |
||
| 210 |
_aМосква _cНуриева С. _cЭксмо _d2024 |
||
| 215 |
_a701, [1] с. _cил. _d21 |
||
| 333 | _a18+ | ||
| 686 | 2 | _aШ6(2=Р)8-440.4 | |
| 700 | 1 |
_aНуриева _bС. А. _gСамая Арзуевна |
|
| 942 | _cBOOK | ||
| 980 | _aNB | ||